| 000 | 01405nam a2200325 a 4500 | ||
|---|---|---|---|
| 001 | ebr10002008 | ||
| 003 | CaPaEBR | ||
| 006 | m u | ||
| 007 | cr cn||||||||| | ||
| 008 | 950221s1995 ctu sb 001 0 eng | ||
| 010 | _z 95007537 | ||
| 020 | _z0313292264 (alk. paper) | ||
| 040 |
_aCaPaEBR _cCaPaEBR |
||
| 035 | _a(OCoLC)179076977 | ||
| 050 | 1 | 4 |
_aE210 _b.F68 1995eb |
| 082 | 0 | 4 |
_a973.3 _220 |
| 245 | 0 | 0 |
_aFounding the Republic _h[electronic resource] : _ba documentary history / _cedited by John J. Patrick. |
| 260 |
_aWestport, Conn. : _bGreenwood Press, _c1995. |
||
| 300 | _axxiii, 272 p. | ||
| 490 | 1 |
_aPrimary documents in American history and contemporary issues, _x1069-5605 |
|
| 504 | _aIncludes bibliographical references and index. | ||
| 533 |
_aElectronic reproduction. _bPalo Alto, Calif. : _cebrary, _d2013. _nAvailable via World Wide Web. _nAccess may be limited to ebrary affiliated libraries. |
||
| 651 | 0 |
_aUnited States _xPolitics and government _y1775-1783 _vSources. |
|
| 651 | 0 |
_aUnited States _xPolitics and government _y1783-1809 _vSources. |
|
| 655 | 7 |
_aElectronic books. _2local |
|
| 700 | 1 |
_aPatrick, John J., _d1935- |
|
| 710 | 2 | _aebrary, Inc. | |
| 830 | 0 | _aPrimary documents in American history and contemporary issues. | |
| 856 | 4 | 0 |
_uhttp://site.ebrary.com/lib/rucke/Doc?id=10002008 _zAn electronic book accessible through the World Wide Web; click to view |
| 999 |
_c5312 _d5312 |
||